1172 1709 1688 1653 1345 1701 1164 1774 1054 1026 1675 1027 1518 1294 1563 1076 1149 1262 1586 1291 1504 1098 1813 1093 1756 1130 1673 1786 1223 1551 1345 1522 1412 1331 1699 1930 1615 1872 1900 1294 1085 1086 1582 1949 1952 1591 1126 1791 1897 1537 1746 1799 1493 1788 1635 1048 1507 1478 1006 1894 1927 1254 1598 1592 1167 1090 1594 1273 1559 1480 1143 1915 1664 1739 1820 1628 1117 1799 1928 1210 1518 1007 1190 1199 1341 1943 1208 1134 1249 1543 1506 1815 1054 1340 1003 1075 1852 1634 1363 BCNSPRNW ULIB Ver.6.0+V

เปลี่ยนเป็นภาษาไทย

Change to English
 แสดงรายละเอียดบรรณานุกรม
  กลับหน้าหลัก

Brief Record : Get Marc (ISO 2709) : E-mail record : QR code < ปิดหน้าต่าง
LEADER : 00000nam 2200000 a 4500
001    13399113540
003     ULIB
008    970822s2552 th 000 1 tha d
020    ^a9749694558
090    ^aนว^bส917ป 2552
100 0  ^aวรางคณา
245 0  ^aปีศาจแสนกล /^cวรางคณา
260    ^aกรุงเทพฯ :^bดอกหญ้า,^c2552
300    ^a391 หน้า ;^c18 ซม.
650  4 ^aนวนิยายไทย
945    ^p225^l0^i15826
995    ^aเกษร
999 ^a ใช้งานได้ทุกระบบ
รายการนี้ยังไม่มีแท็ก
คุณยังไม่ได้ล็อกอิน คุณสามารถมีกิจกรรมร่วมกับเว็บไซต์ได้ แต่ต้องล็อกอินก่อน ::
  ล็อกอิน

รายการสื่อสารสนเทศ

ลำดับที่ ประเภท เลขเรียก/บาร์โค้ด สถานที่ สถานะ
1. วิทยาศาสตร์การแพทย์ และสุขภาพ
วิทยาศาสตร์การแพทย์ และสุขภาพ
นว ส917ป 2552  
  Barcode: 15826
ห้องสมุดวิทยาเขตสวรรค์ประชารักษ์
►นวนิยาย
บนชั้น
  ขอยืม

รายการใกล้เคียง
    ผู้แต่ง [วรางคณา]

    หัวเรื่อง [นวนิยายไทย]

BibComment


ยังไม่เคยถูกคอมเมนท์

คอมเมนท์ทรัพยากรรายการนี้
  คอมเมนท์: ปีศาจแสนกล วราง..


 Copyright 2026. Bcnsprnw @Library